书目信息 |
| 题名: |
景观美学
|
|
| 作者: | 王长俊 著 | |
| 分册: | ||
| 出版信息: | 南京 南京师范大学出版社 2002 |
|
| 页数: | 277页 | |
| 开本: | 20cm | |
| 丛书名: | ||
| 单 册: | ||
| 中图分类: | P901 | |
| 科图分类: | ||
| 主题词: | 景观美学 | |
| 电子资源: | ||
| ISBN: | 7-81047-774-9 | |
| 000 | 00663nam0 2200217 450 | |
| 001 | 1535421954 | |
| 005 | 20150119095047.78 | |
| 010 | @a7-81047-774-9@dCNY15.00 | |
| 100 | @a20030213d2002----em-y0chiy0110----ea | |
| 101 | 0 | @achi |
| 102 | @aCN@b320000 | |
| 105 | @aa---z---000yy | |
| 200 | 1 | @a景观美学@9jing guan mei xue@f王长俊著 |
| 210 | @a南京@c南京师范大学出版社@d2002 | |
| 215 | @a277页@c彩照@d20cm | |
| 330 | @a本书介绍了景观美学的知识,包括景观概述、自然景观、人工景观、人文景观、景观与审美五章内容。 | |
| 606 | 0 | @a景观美学 |
| 690 | @aP901@v5 | |
| 701 | 0 | @a王长俊@9wang chang jun@f(1936.10~)@4著 |
| 801 | 0 | @aCN@bTSSF@c20150119 |
| 905 | @aZUCC@dP901@eJY32 | |
| 景观美学/王长俊著.-南京:南京师范大学出版社,2002 |
| 277页:彩照;20cm |
| ISBN 7-81047-774-9:CNY15.00 |
| 本书介绍了景观美学的知识,包括景观概述、自然景观、人工景观、人文景观、景观与审美五章内容。 |
| ● |
| 相关链接 |
|
|
|
|
正题名:景观美学
索取号:P901/JY32
 
预约/预借
| 序号 | 登录号 | 条形码 | 馆藏地/架位号 | 状态 | 备注 |
| 1 | 7848866 | 278488664 | 学院路分馆/ [索取号:P901/JY32] | 在馆 | |
| 2 | 7848867 | 278488673 | 学院路分馆/ [索取号:P901/JY32] | 在馆 |